Voiceprints : poems /

Bibliographic Details
Main Author: George, Emery Edward, 1933-
Format: Book
Language:English
Published: Ann Arbor : Ardis, 1987.

MARC

Tag First Indicator Second Indicator Subfields
LEADER 00000cam a2200000 a 4500
001 in00000030982
005 20151007054922.0
008 870316s1987 miu 00010 eng
010 |a  87001158  
020 |a 0875010288 :  |c $8.95 
035 |a (OCoLC)15489370 
035 |9 AAB6654AM 
040 |a DLC  |c DLC  |d TXA  |d UtOrBLW 
049 |a TXAM  |c [A11060662] 
050 0 0 |a PS3557.E48  |b V6 1987 
082 0 |a 811/.54  |2 19 
100 1 |a George, Emery Edward,  |d 1933- 
245 1 0 |a Voiceprints :  |b poems /  |c by Emery George. 
264 1 |a Ann Arbor :  |b Ardis,  |c 1987. 
300 |a 95 pages ;  |c 24 cm. 
336 |a text  |b txt  |2 rdacontent 
337 |a unmediated  |b n  |2 rdamedia 
338 |a volume  |b nc  |2 rdacarrier 
999 |a MARS 
999 f f |s f397bb0b-fd1f-3f0f-92ba-eac64b2fd835  |i 4d8fc404-1562-3ade-8e46-1b37e400a98a  |t 0 
952 f f |p ric  |a Texas A&M University  |b Rellis Campus  |c Joint Library Facility  |d Remote Storage  |t 0  |e PS3557.E48 V6 1987  |h Library of Congress classification  |i unmediated -- volume  |m A14811060662 
998 f f |a PS3557.E48 V6 1987  |t 0  |l Remote Storage